[Event "Host Monrad"]
[Site "Tonsberg"]
[Date "2004.12.06"]
[Round "7"]
[White "Archer, Cedric"]
[Black "Baro, Terje"]
[Result "0-1"]
[WhiteElo "1111"]
[BlackElo "1277"]
[PlyCount "106"]
[EventDate "2004.09.13"]
[EventType "swiss"]
[EventRounds "7"]
[EventCountry "NOR"]
[SourceTitle "EXT 2007"]
[Source "ChessBase"]
[SourceDate "2006.11.23"]
[SourceVersion "1"]
[SourceVersionDate "2006.11.23"]
[SourceQuality "1"]

1. d4 e6 2. c4 d5 3. Nc3 Nf6 4. Bf4 a6 5. Nf3 Nc6 6. h3 Bb4 7. e3 0-0 8. Be2 Ne4 9. Rc1 dxc4 10. Bxc4 Bxc3+ 11. bxc3 Nd6 12. Bd3 f6 13. Qc2 f5 14. 0-0 Ne7 15. Bg5 h6 16. Bh4 Qe8 17. Ne5 Ng6 18. Nxg6 Qxg6 19. Rfe1 b5 20. Qb3 Bb7 21. f3 Bxf3 22. Rc2 Kh8 23. Kh2 Be4 24. Rd2 Bxd3 25. Rxd3 Ne4 26. Qd1 c6 27. Qf3 Ra7 28. Qf4 Rd7 29. Re2 c5 30. a3 c4 31. Rdd2 Nxc3 32. Re1 Ne4 33. Rc2 Qh5 34. Rf1 Kh7 35. Be1 Rc8 36. g4 g5 37. Qe5 Qe8 38. gxf5 exf5 39. Qxe8 Rxe8 40. Rxf5 Kg6 41. Rf3 Re6 42. Bb4 Rf6 43. Kg2 Rd5 44. Be7 Rff5 45. a4 Rd7 46. Rxf5 Kxf5 47. Bb4 Rd5 48. Kf3 h5 49. axb5 axb5 50. Rg2 Rd7 51. Rg1 Ra7 52. d5 Ra2 53. d6 Rf2# 0-1